000 00838cab a2200289 4500
001 ABS46360
008 090401t1992 xxu||||| |||| 00| 0 eng d
035 _a(Sirsi) u57950
041 _aeng
100 _aMcKeown, C.
245 _aMeeting the EC Directives in the workplace
260 _c1992
350 _a0
490 _aProperty Management
_v10(2) Spring 1992, 125-131(4)
520 _aConsiders the impact on property management of the six EC health and safety Directives.
650 _aDSIPLAY SCREEN EQUIPMENT
650 _aEC DIRECTIVES
650 _aERGONOMICS
650 _aEUROPEAN COMMUNITY
650 _aHEALTH AND SAFETY
_96244
650 _aOFFICES
650 _aDIRECTIVE 89/654/EEC
650 _aWORKSTATION DESIGN
690 _aCOMMERCIAL PROPERTY-MANAGEMENT
942 _n0
948 _c04/03/1997
999 _c35370
_d35370